00333nam a2200109Ia 4500008004100000082001600041100002000057245002700077942000600104952009800110999001500208240331s9999 xx 000 0 und d a301.42bSAF aSaffioti, H.I.B 0aWomen in class society cL 001040708LaWERCLbWERCLcSSCd2024-03-31l0o 301.42 SAFp1151r2024-03-31w2024-03-31yL c1061d1061